| 000 | 00000nas##2200000za#4500 |
| 001 | 9.512150 |
| 003 | CaOODSP |
| 005 | 20200331215125 |
| 007 | ta |
| 008 | 150406c2009||||xxc|| p #||||f| |0eng|d |
| 022 | |a1920-0471 |
| 040 | |aCaOODSP|beng |
| 041 | |aeng |
| 041 | |afre |
| 043 | |an-cn--- |
| 086 | 1 |aA47-9 |
| 110 | 1 |aCanada. |bAgriculture and Agri-Food Canada. |bResearch Branch. |
| 245 | 10|aInnovation express |
| 260 | |aOttawa - Ontario : |bAgriculture and Agri-Food Canada. |
| 310 | |aIrregular |
| 362 | 1 |aVol. 1, issue 1, 2009-- |
| 500 | |a"Innovation Express magazine is the Research Branch of Agriculture and Agri-Food Canada's quarterly newsletter to promote research partnerships and technology transfer to organizations interested in agri-food research and development."--Page 10, Vol. 2, issue 1. |
| 500 | |a"Contact us: Innovation Express, c/o Research Branch, AAFC, 1341 Baseline Road, Ottawa, Ontario, K1A 0C5."--Page 10, Vol. 2, Issue 1. |
| 520 | 3 |aA quarterly round-up of what's new in science and innovation from across the Research Branch of Agriculture and Agri-Food Canada. |
| 563 | |aSoftcover |
| 690 | 07|aAgri-food industry|2gcpds |
| 690 | 07|aAgri-food products|2gcpds |
| 690 | 07|aAgriculture|2gcpds |
| 776 | 0#|tInnovation express : |w(CaOODSP)9.502563 |
| 776 | 0#|tInnovation express |w(CaOODSP)9.506161 |
| 792 | |tInnovation express |efre|w(CaOODSP)9.512151 |